ការចញ្ចឹមជ្រូកសាច់ / (Record no. 1449)

MARC details
000 -LEADER
fixed length control field 01340nam a22002777a 4500
005 - DATE AND TIME OF LATEST TRANSACTION
control field 20231002134527.0
020 ## - INTERNATIONAL STANDARD BOOK NUMBER
International Standard Book Number 9789995054182
040 ## - CATALOGING SOURCE
Original cataloging agency FISKH
Language of cataloging eng
Transcribing agency FISKH
Modifying agency FISKH
082 ## - DEWEY DECIMAL CLASSIFICATION NUMBER
Classification number 636.9323
100 ## - MAIN ENTRY--PERSONAL NAME
Personal name Dary, Heng
245 ## - TITLE STATEMENT
Title ការចញ្ចឹមជ្រូកសាច់ /
250 ## - EDITION STATEMENT
Edition statement បោះពុម្ពលើកទី ៧​ ខែមិនា ឆ្នាំ ២០២១​
260 ## - PUBLICATION, DISTRIBUTION, ETC.
Place of publication, distribution, etc. Phnom Penh :
Name of publisher, distributor, etc. Sipar,
Date of publication, distribution, etc. 2021.
300 ## - PHYSICAL DESCRIPTION
Extent 40 pages :
Other physical details color illustrations ;
Dimensions 29 cm
490 ## - SERIES STATEMENT
Series statement បំណិនជីវិត
505 ## - FORMATTED CONTENTS NOTE
Formatted contents note Z' <br/>
520 ## - SUMMARY, ETC.
Summary, etc. បង្ហាញពីរ​បៀបធ្វើទ្រុង​ រហូតដល់ការថែទាំសុខភាពជ្រូក និងមានវិធីធ្វើម្ហូបសាមញ្ញៗពីសាច់ជ្រូក សម្រាប់បរិភោគក្នងុគ្រួសារ។
Uniform Resource Identifier <a href=" "> </a>
520 ## - SUMMARY, ETC.
Summary, etc. Demonstrate how to make a cage, take care of pigs and simple recipes from pork for family consumption.
521 ## - TARGET AUDIENCE NOTE
Target audience note 1120 <br/>
Source Lexile estimate<br/>
521 ## - TARGET AUDIENCE NOTE
Target audience note Z'<br/>
Source Raz-Plus <br/>
650 ## - SUBJECT ADDED ENTRY--TOPICAL TERM
Topical term or geographic name entry element ជ្រូក
Form subdivision ម្ហូប
General subdivision សាច់ជ្រូក
650 ## - SUBJECT ADDED ENTRY--TOPICAL TERM
Topical term or geographic name entry element Pig
Form subdivision Food
General subdivision Pork
700 ## - ADDED ENTRY--PERSONAL NAME
Personal name Sophaleap, Nhoek
Titles and other words associated with a name illustrator
942 ## - ADDED ENTRY ELEMENTS (KOHA)
Source of classification or shelving scheme Dewey Decimal Classification
Koha item type Books
Suppress in OPAC No
999 ## -
-- 1449
-- 1449
Holdings
Withdrawn status Lost status Source of classification or shelving scheme Damaged status Not for loan Collection Home library Current library Shelving location Date acquired Total Checkouts Full call number Barcode Date last seen Date last checked out Copy number Price effective from Koha item type
    Dewey Decimal Classification     Khmer Language Books / សៀវភៅភាសាខ្មែរ Footprints International School Library Network Toul Kork Campus Footprints International School Library Network Toul Kork Campus   08/25/2023   DAR 636.9323 2023-0366 08/25/2023   2 08/25/2023 Books
    Dewey Decimal Classification     Khmer Language Books / សៀវភៅភាសាខ្មែរ Footprints International School Library Network Toul Tom Poung Campus Footprints International School Library Network Toul Tom Poung Campus TTP Secondary Khmer Bookshelves 08/25/2023 1 DAR 636.9323 2023-0365 03/31/2026 03/02/2026 1 08/25/2023 Books